Cemil Meriç (Record no. 12888)

MARC details
000 -BAŞLIK
Sabit Uzunlukta Kontrol Alanı 00940na a2200277 4500
999 ## - SİSTEM KONTROL NUMARALARI (KOHA)
Koha Biblionumber 12888
Koha Biblioitemnumber 12888
001 - KONTROL NUMARASI
Denetim Alanı 14142
003 - KONTROL NUMARASI IDENTIFIER
Denetim Alanı MIRAKIL
005 - SON İŞLEM TARİHİ VE ZAMANI
Denetim Alanı 20190311134637.0
008 - SABİT-BOY VERİ ELEMANLARI - GENEL BİLGİLER
Sabit Uzunlukta Kontrol Alanı 160825b tu 000 0
020 ## - ULUSLARARASI STANDART KİTAP NUMARASI
Uluslararası Standart Kitap Numarası 9789751734952
035 ## - SİSTEM KONTROL NUMARASI
Sistem Kontrol Numarası 14142
040 ## - KATALOGLAMA KAYNAK
Orijinal Kataloglama Ajansı Milas
Kataloglama Dili tur
Metne Dönüştürmek Ajansı TR-AnCHP
082 ## - DEWEY ONLU SINIFLANDIRMA NUMARASI
Sınıflandırma Numarası 928 Meriç,C.
Ürün Numarası C35 2010
245 ## - BAŞLIK TABLOSU
Başlık Cemil Meriç
Sorumluluk Tablosu, Vb editör Murat yılmaz
250 ## - EDITION TABLOSU
Baskı Beyanı gözd.gçrl. 3.bs
260 ## - YAYIN, DAĞITIM, VB
Yayın, Dağıtım, Vb Yeri Ankara :
Yayıncı, Dağıtıcı, Vs Adı Kültür ve Turizm Bakanlığı,
Yayın, Dağıtım, Vb Tarihi 2010.
300 ## - FİZİKSEL TANIM
Kapsam 414 s.:
Diğer Fiziksel Ayrıntıları fotğ.,
Boyutlar 22 sm.
490 ## - SERİSİ TABLOSU
Seri Beyanı Kültür ve Turizm Bakanlığı
-- kütüphaneler ve Yayımlar Genel Müdürlüğü anma ve armağan kitapları dizisi,
Hacim / Ardışık Tanımı 3151
-- 7.
504 ## - KAYNAKÇA VB NOT
Kaynakça Vb Notu Kaynakça vardır.
600 ## - KONU KATMA GİRİŞ - KURUMSAL ADI
Kişisel Ad Meriç, Cemil
Bir Adıyla İlişkilendirilen Tarihler 1916-1987
Genel Alt Bölümü Anma kitapları
600 ## - KONU KATMA GİRİŞ - KURUMSAL ADI
Kişisel Ad Meriç, Cemil
Bir Adıyla İlişkilendirilen Tarihler 1916-1987
Genel Alt Bölümü Yaşamöyküsü
650 ## - KONU KATMA GİRİŞ - TOPİKAL DÖNEM
Topikal Süreli Veya Coğrafi Ad Giriş Elemanı Türk yazarlar
Genel Alt Bölümü Eleştiri ve yorum
650 ## - KONU KATMA GİRİŞ - TOPİKAL DÖNEM
Topikal Süreli Veya Coğrafi Ad Giriş Elemanı Türk yazarlar
Genel Alt Bölümü Yaşamöyküsü
942 ## - EKLENDİ GİRİŞ ELEMANLARI (KOHA)
Sınıflandırma Veya Raf Düzeni Kaynak Dewey Decimal Classification
Koha Öğesi Türü Books
999 ## - SİSTEM KONTROL NUMARALARI (KOHA)
Koha Biblioitemnumber 5249
Holdings
Kalıcı Konum Mevcut Konum Edinme Tarihi Toplam Check-Out'Lar Tam Çağrı Numarası Barkod Tarih Son Görülme İtibaren Geçerli Fiyatlar Koha Öğesi Türü
CHP Kütüphanesi CHP Kütüphanesi 03/11/2019   928 Meriç,C. C35 2010 018974 03/11/2019 03/11/2019 Books